Personnages de fiction en images - H - Statistiques

Statistiques générales
  • Ce quiz a été pris 112 724 fois
  • Le résultat moyen est 11 sur 20
Statistiques - réponses
Par images Réponse % Correct
Homer Simpson
99%
Hulk
99%
Hermione Granger
95%
Hello Kitty
89%
Hercule Poirot
71%
Hannah Montana
66%
Hedwige
64%
Hadès
62%
Heidi
62%
Harley Quinn
61%
Hannibal Lecter
56%
Hugo
53%
Hermès
46%
Harold Horrib' Haddock III
38%
Hellboy
38%
Hubert Bonisseur de La Bath
29%
Hamlet
27%
Horus
24%
Harry Callahan
19%
Harpagon
14%
Aucun quiz correspondant
Distribution des résultats
% des personnes avec chaque résultat
Percentile par nombre de réponses
Votre historique - résultats
Vous n’avez pas pris ce quiz